|
|
|
|
| LEADER |
00000nbm0a2200000 4500 |
| 001 |
132654 |
| 005 |
20231031135037.0 |
| 035 |
|
|
|a (RuTPU)RU\TPU\book\143637
|
| 090 |
|
|
|a 132654
|
| 100 |
|
|
|a 20080305d1971 k y0rusy50 ca
|
| 101 |
0 |
|
|a rus
|
| 102 |
|
|
|a RU
|
| 105 |
|
|
|a a m 001zy
|
| 200 |
1 |
|
|a Исследование и разработка электронных колонковых снарядов с целью улучшения технико-экономических показателей их применения и повышения представительности керновых проб
|e Диссертация на соискание ученой степени кандидата технических наук
|f В. А. Кичигин
|g Томский политехнический институт ; науч. рук. С. С. Сулакшин
|
| 210 |
|
|
|a Томск
|d 1971
|
| 215 |
|
|
|a 183 л.
|c ил.
|
| 320 |
|
|
|a Библиогр.: с. 160-168 (123 назв.)
|
| 610 |
1 |
|
|a диссертации
|
| 610 |
1 |
|
|a колонковые снаряды
|
| 610 |
1 |
|
|a технико-экономические показатели
|
| 610 |
1 |
|
|a керновые пробы
|
| 610 |
1 |
|
|a глинистые растворы
|
| 610 |
1 |
|
|a вязкость
|
| 610 |
1 |
|
|a алмазное бурение
|
| 610 |
1 |
|
|a производственные испытания
|
| 610 |
1 |
|
|a экономическая эффективность
|
| 610 |
1 |
|
|a применение
|
| 675 |
|
|
|a 550.82(04)
|v 3
|
| 700 |
|
1 |
|a Кичигин
|b В. А.
|
| 702 |
|
1 |
|a Сулакшин
|b С. С.
|c российский геолог
|c Заслуженный профессор Томского политехнического университета
|f 1919-
|g Степан Степанович
|2 stltpush
|3 (RuTPU)RU\TPU\pers\13908
|4 727
|
| 712 |
0 |
2 |
|a Томский политехнический институт
|z 1944-1991
|2 stltpush
|3 (RuTPU)RU\TPU\col\1123
|
| 801 |
|
1 |
|a RU
|b 63413507
|c 20080305
|g PSBO
|
| 942 |
|
|
|c BK
|